| 000 | 00481nam a2200181Ia 4500 | ||
|---|---|---|---|
| 005 | 20250317122751.0 | ||
| 008 | 008 250317s9999 xx 000 0 eng d | ||
| 037 | _aTextbook | ||
| 040 |
_aFMSL _beng _cFMSL |
||
| 041 |
_aeng _2eng |
||
| 084 |
_aB28 K1 _qFMSL |
||
| 100 | _aJohnson P O | ||
| 245 | 0 | _aStatistical methods in research | |
| 260 |
_aBombay _bBombay, Asia _c1961 |
||
| 300 | _a377p | ||
| 942 |
_cTB _hB28 K1 |
||
| 999 |
_c1248561 _d1248561 |
||